Most Streamed Destroy Lonely Songs - Statistics

General Stats
  • This quiz has been taken 286 times
    154 since last reset
  • The average score is 11 of 20
Answer Stats
Streams Album Song % Correct
123.8M NOSTYLIST NOSTYLIST
100%
114.3M If Looks Could Kill if looks could kill
97%
42.9M A Great Chaos Singapore
80%
60.0M A Great Chaos Paranoid
77%
50.4M If Looks Could Kill how u feel?
76%
95.4M Single Bane
75%
37.9M X MDMA
72%
55.6M NS+ NEVEREVER
71%
52.1M X Murda Musik
63%
40.6M NOSTYLIST VETERAN
59%
23.0M A Great Chaos Like This
56%
34.6M NOSTYLIST JETLGGD
55%
34.8M If Looks Could Kill money & sex
44%
19.0M LOVE LASTS FOREVER LUV 4 YA
40%
34.3M Single In The Air
38%
20.6M NOSTYLIST VTMNTSCOAT
31%
17.4M NOSTYLIST FAKENGGAS
29%
18.0M If Looks Could Kill fly sht
27%
17.9M </3² F.U.N
24%
20.3M Single Turn Your Phone Off
4%
No matching quizzes found
Score Distribution
Percent of People with Each Score
Percentile by Number Answered
Your Score History
You have not taken this quiz since the last reset